000 00595cab a2200205 4500
001 ABS41583
008 090401t1989 xxu||||| |||| 00| 0 eng d
035 _a(Sirsi) u31029
041 _aeng
100 _aHazell, T.
245 _aFocus gives pros the soft option
260 _c1989
350 _a0
490 _aChartered Surveyor Weekly
_v29(2) 12 October 1989, 118(1)
520 _aDescribes Focus the property database set up by Property Intelligence which now has four databases.
650 _aCOMPUTERS
690 _aPRACTICE AND TECHNIQUES
942 _n0
948 _c04/03/1997
999 _c20864
_d20864